|
|
|
|
| LEADER |
00000cam a2200000 a 4500 |
| 001 |
vtls001101202 |
| 003 |
SK-MaSNL |
| 005 |
20260302064152.0 |
| 008 |
180814s1980 xo e 0000d slo |
| 015 |
|
|
|a SNBA1980
|
| 035 |
|
|
|a SNK000044044
|
| 040 |
|
|
|a SNK
|b slo
|c SNK
|e AACR2
|
| 041 |
1 |
|
|a slo
|h rus
|
| 044 |
|
|
|a xo
|c SK
|
| 080 |
|
|
|a 882-2
|2 1981
|
| 100 |
1 |
|
|a Gorkij, Maksim,
|d 1868-1936
|4 aut
|9 102443
|
| 240 |
1 |
0 |
|a Pjesy
|l Slovensky
|
| 245 |
1 |
0 |
|a Barbari
|b scény z okresného mesta
|c Maxim Gorkij ; preložil Ján Ferenčík
|
| 250 |
|
|
|a 1. vyd.
|
| 260 |
|
|
|a Bratislava
|b Lita
|c 1980
|
| 300 |
|
|
|a 89 s.
|c 29 cm
|
| 500 |
|
|
|a Preložené z ruštiny
|
| 655 |
|
7 |
|a ruské drámy
|2 SNKPH
|9 81966
|
| 700 |
1 |
|
|a Ferenčík, Ján,
|d 1923-1989
|4 trl
|9 99056
|
| 958 |
|
|
|a OND
|
| 958 |
|
|
|a LX
|
| 968 |
|
|
|b RUS
|
| 999 |
|
|
|c 1136210
|d 1138140
|
| 952 |
|
|
|t P60, <05>, [BOOK], {605}
|a SNK
|b SNK
|y VYP
|7 0
|p 17A0152619
|o snkSB 31048 D1
|i snkKSP 9272/80
|0 0
|1 0
|4 0
|d 2001-09-08
|l 0
|r 2004-12-31 00:00:00
|w 2026-02-24
|
| 952 |
|
|
|a SNK
|b SNK
|y PREZ
|7 0
|p 17A0987868
|o snkSB 31048
|i snkKSP 9271/80
|0 0
|1 0
|4 0
|d 2012-07-30
|f 1
|l 0
|r 2025-04-04 00:00:00
|w 2026-02-24
|